Normal view
MARC view
Entry Topical Term
001 - CONTROL NUMBER
- control field: 15191
003 - CONTROL NUMBER IDENTIFIER
- control field: dpl
005 - DATE AND TIME OF LATEST TRANSACTION
- control field: 20100819142620.0
008 - FIXED-LENGTH DATA ELEMENTS
- fixed length control field: 100819|||a|||||| | ||| d
040 ## - CATALOGING SOURCE
- Original cataloging agency: dpl
- Transcribing agency: dpl
150 ## - HEADING--TOPICAL TERM
- Topical term or geographic name as entry element: Geography
- General subdivision: Methodology
670 ## - SOURCE DATA FOUND
- Source citation: Work cat.: (dpl)42464: Saravanakumar, S. 15190, Research methodology in geography /, 2008
670 ## - SOURCE DATA FOUND
- Source citation: Work cat.: (dpl)42464: Saravanakumar, S. 15190, Research methodology in geography /, 2008
